| 000 | 01051cam a2200217 4500 | ||
|---|---|---|---|
| 001 | X123811 | ||
| 008 | 031002n2003 000 0 eng u | ||
| 035 | _a(Sirsi) u123811 | ||
| 100 | _aRichards, M. | ||
| 245 | 4 | _aThe secret of our success | |
| 260 | _c2003 | ||
| 490 |
_aBuilding _v268(8298) 5 September 2003, 26-27(2) |
||
| 520 | _aDiscusses the latest report from the European Construction Industry, "Construction activity in Europe". This report argues that the healthy state of Britain's construction industry is down to PFI. This is in contrast to the eurozone which is experiencing low growth rates due to the Stability and Growth Pact which makes it harder for governments to spend their way out of recession. Advises that British firms need to become more organised to take advantage of eastern Europe's new construction growth. | ||
| 590 | _aABS | ||
| 650 | _aCONSTRUCTION INDUSTRY | ||
| 650 | _aPFI | ||
| 650 | _aPRODUCTIVITY | ||
| 650 | _aEUROPE | ||
| 690 | _aMANAGEMENT-BUSINESS MANAGEMENT-FINANCIAL MANAGEMENT | ||
| 942 | _n0 | ||
| 999 |
_c73529 _d73529 |
||